LIBRARY & INFORMATION CENTRE, KCAET, TAVANUR

ONLINE PUBLIC ACCESS CATALOGUE (OPAC)

Shakespeare`s problem plays / (Record no. 4692)

MARC details
000 -LEADER
fixed length control field 00417cam a2200169ua 4500
041 ## - LANGUAGE CODE
Language code of text/sound track or separate title eng
082 ## - DEWEY DECIMAL CLASSIFICATION NUMBER
Classification number 828.09
Item number TIL/SH
100 ## - MAIN ENTRY--AUTHOR NAME
Personal name Tillyard, E M W .
245 ## - TITLE STATEMENT
Title Shakespeare`s problem plays /
250 ## - EDITION STATEMENT
Edition statement 1 /
260 ## - PUBLICATION, DISTRIBUTION, ETC. (IMPRINT)
Place of publication London :
Name of publisher Chatto and Windus ,
Year of publication 1964.
300 ## - PHYSICAL DESCRIPTION
Number of Pages 156 ; .
942 ## - ADDED ENTRY ELEMENTS (KOHA)
Koha item type Books
Holdings
Withdrawn status Lost status Damaged status Home library Current library Date acquired Full call number Accession Number Koha item type Cost, normal purchase price Public note
Withdrawn     KAUAET Malayalam University 07/04/2012 828.09 11874 Books    
Withdrawn     KAUAET Sanskrit University 07/04/2012 828.09 6993 Books 15.00 Transferred to Sanskrit University
free website counter